<?xml version="1.0" encoding="UTF-8"?>
<collection xmlns="http://www.loc.gov/MARC21/slim">
 <record>
  <leader>01403nam a22002657a 4500</leader>
  <controlfield tag="001">NCT_57006</controlfield>
  <controlfield tag="008">190110b        xxu||||| |||| 00| 0 vie d</controlfield>
  <datafield tag="999" ind1=" " ind2=" ">
   <subfield code="c">2752</subfield>
   <subfield code="d">2752</subfield>
  </datafield>
  <datafield tag="020" ind1=" " ind2=" ">
   <subfield code="c">365000</subfield>
  </datafield>
  <datafield tag="082" ind1="0" ind2="4">
   <subfield code="2">23rd ed.</subfield>
   <subfield code="a">332.632</subfield>
   <subfield code="b">H523/T.2</subfield>
  </datafield>
  <datafield tag="100" ind1="1" ind2=" ">
   <subfield code="a">Bodie, Zvi</subfield>
  </datafield>
  <datafield tag="245" ind1="0" ind2="0">
   <subfield code="a">Tài liệu học tập đầu tư tài chính</subfield>
   <subfield code="n">Tập 2</subfield>
   <subfield code="c"> Zvi Bodie, Alex Kane, Alan J. Marcus ; Chủ biên chuyển ngữ: Nguyễn Ngọc Huy, Nguyễn Anh Phong</subfield>
  </datafield>
  <datafield tag="260" ind1=" " ind2=" ">
   <subfield code="a">[S.L]</subfield>
   <subfield code="b">[S.n]</subfield>
   <subfield code="c">[200_?]</subfield>
  </datafield>
  <datafield tag="300" ind1=" " ind2=" ">
   <subfield code="a">797 tr.</subfield>
   <subfield code="c">26cm</subfield>
  </datafield>
  <datafield tag="500" ind1=" " ind2=" ">
   <subfield code="a">Sách chuyển ngữ từ quyển &quot;Investments&quot; phiên bản 10.</subfield>
  </datafield>
  <datafield tag="520" ind1="3" ind2=" ">
   <subfield code="a">Cung cấp các kiến thức về đầu tư. quản lý đầu tư từ cơ bản đến chuyên sâu.</subfield>
  </datafield>
  <datafield tag="653" ind1=" " ind2=" ">
   <subfield code="a">Tài chính - Ngân hàng</subfield>
  </datafield>
  <datafield tag="700" ind1="1" ind2=" ">
   <subfield code="a">Kane, Alex </subfield>
  </datafield>
  <datafield tag="700" ind1="1" ind2=" ">
   <subfield code="a"> Marcus,  Alan J.</subfield>
  </datafield>
  <datafield tag="700" ind1="1" ind2=" ">
   <subfield code="a">Nguyễn Anh Phong</subfield>
   <subfield code="e">Chủ biên chuyển ngữ</subfield>
  </datafield>
  <datafield tag="700" ind1="1" ind2=" ">
   <subfield code="a">Nguyễn Ngọc Huy</subfield>
   <subfield code="e">Chủ biên chuyển ngữ</subfield>
  </datafield>
  <datafield tag="942" ind1=" " ind2=" ">
   <subfield code="2">ddc</subfield>
   <subfield code="c">BK</subfield>
  </datafield>
  <datafield tag="952" ind1=" " ind2=" ">
   <subfield code="0">0</subfield>
   <subfield code="1">0</subfield>
   <subfield code="2">ddc</subfield>
   <subfield code="4">0</subfield>
   <subfield code="6">332_632000000000000_H523_T_2</subfield>
   <subfield code="7">0</subfield>
   <subfield code="9">15174</subfield>
   <subfield code="a">000001</subfield>
   <subfield code="b">000001</subfield>
   <subfield code="d">2019-01-10</subfield>
   <subfield code="o">332.632 H523/T.2</subfield>
   <subfield code="p">MD.13926</subfield>
   <subfield code="r">2019-01-10</subfield>
   <subfield code="v">365000.00</subfield>
   <subfield code="w">2019-01-10</subfield>
   <subfield code="y">BK</subfield>
  </datafield>
  <datafield tag="952" ind1=" " ind2=" ">
   <subfield code="0">0</subfield>
   <subfield code="1">0</subfield>
   <subfield code="2">ddc</subfield>
   <subfield code="4">0</subfield>
   <subfield code="6">332_632000000000000_H523_T_2</subfield>
   <subfield code="7">0</subfield>
   <subfield code="9">15175</subfield>
   <subfield code="a">000001</subfield>
   <subfield code="b">000001</subfield>
   <subfield code="d">2019-01-10</subfield>
   <subfield code="o">332.632 H523/T.2</subfield>
   <subfield code="p">MD.13927</subfield>
   <subfield code="r">2019-01-10</subfield>
   <subfield code="v">365000.00</subfield>
   <subfield code="w">2019-01-10</subfield>
   <subfield code="y">BK</subfield>
  </datafield>
  <datafield tag="980" ind1=" " ind2=" ">
   <subfield code="a">Thư viện Trường Đại học Nam Cần Thơ</subfield>
  </datafield>
 </record>
</collection>
